01690nam a2200373Ia 4500001001200000003000800012006001900020007001500039008004100054010001700095020002700112020003000139020001800169040002100187035002100208050002200229082001600251100002600267245008300293260004900376300003100425490005600456504005100512533015200563650006400715650008000779650006500859650008100924651007301005651006601078655002901144710001701173856012601190ebr10662813CaPaEBRm u cr cn|||||||||090730s2010 nyuab sb 001 0 eng d z 2009031125 z1606922092 (softcover) z9781606922095 (softcover) z9781612094229 aCaPaEBRcCaPaEBR a(OCoLC)70427515014aE608b.A68 2010eb04a973.7/82221 aAllen, Thomas,d1964-10aIntelligence in the American Civil Warh[electronic resource] /cThomas Allen. aNew York :bNova Science Publishers,cc2010. aviii, 85 p. :bill., maps.0 aIntelligence and counterintelligence studies series aIncludes bibliographical references and index. aElectronic reproduction.bPalo Alto, Calif. :cebrary,d2013.nAvailable via World Wide Web.nAccess may be limited to ebrary affiliated libraries. 0aIntelligence servicezUnited StatesxHistoryy19th century. 0aIntelligence servicezConfederate States of AmericaxHistoryy19th century. 0aMilitary intelligencezUnited StatesxHistoryy19th century. 0aMilitary intelligencezConfederate States of AmericaxHistoryy19th century. 0aUnited StatesxHistoryyCivil War, 1861-1865xMilitary intelligence. 0aUnited StatesxHistoryyCivil War, 1861-1865xSecret service. 7aElectronic books.2local2 aebrary, Inc.40uhttp://site.ebrary.com/lib/rucke/Doc?id=10662813zAn electronic book accessible through the World Wide Web; click to view